header

Anatomy of the verb (Record no. 225858)

MARC details
000 -LEADER
fixed length control field 01449nam a2200349 a 4500
100 1# - MAIN ENTRY--AUTHOR NAME
Personal name Lloyd, Albert L.,
245 10 - TITLE STATEMENT
Title Anatomy of the verb
260 ## - PUBLICATION, DISTRIBUTION, ETC. (IMPRINT)
Place of publication Amsterdam :
Name of publisher J. Benjamins,
Year of publication 1979.
300 ## - PHYSICAL DESCRIPTION
Number of Pages x, 351 p.
490 1# - SERIES STATEMENT
Series statement Studies in language companion series : SLCS,
650 #0 - SUBJECT ADDED ENTRY--TOPICAL TERM
Topical Term Grammar, Comparative and general
Topical Term Gothic language
Topical Term Indo-European languages
856 40 - ELECTRONIC LOCATION AND ACCESS
Uniform Resource Identifier http://site.ebrary.com/lib/rucke/Doc?id=10488482

No items available.

© 2026 Rongo University
Contact us: librarian | system librarian | Rongo university